| 000 | 00892nas a2200277 4500 | ||
|---|---|---|---|
| 001 | BR9002259 | ||
| 003 | BR-BrBNA | ||
| 005 | 20231205091845.0 | ||
| 007 | ta | ||
| 008 | 230509b bl.|||p| |||| 00| 00por d | ||
| 040 |
_aBR-BrBNA _bpor _cBiblioteca Nacional de Agricultura |
||
| 041 | _a(Pt) | ||
| 072 | _aL01; A50; E14 | ||
| 100 | 1 | _aAraujo, J.G.F. de | |
| 100 | 1 | _aQueiroz, A.C. de | |
| 100 | 1 | _aBiava, M. | |
| 245 | 1 | _aGeracao e difusao de tecnologia no Centro Nacional de Pesquisa de Gado de Leite (CNPGL) | |
| 650 | _aGADO LEITEIRO | ||
| 650 | _aPRODUCAO LEITEIRA | ||
| 650 | _aINSTITUICAO DE PESQUISA | ||
| 650 | _aTRANSFERENCIA DE TECNOLOGIA | ||
| 650 | _aCORONEL PACHECO | ||
| 773 | 0 |
_tRevista de Economia e Sociologia Rural (Brazil) _xISSN 0103-2003 _g(Jan-Mar 1990), v. 28(1) p. 105-122 _wBR9002259 |
|
| 909 |
_a202311 _bLúcia _c55 _dLúcia Elande |
||
| 942 |
_2AGRIS _n0 _cANA |
||
| 999 |
_c127785 _d127785 |
||